Bệnh phổ biến ở lợn và biện pháp phòng trị

Đã lưu trong:
書目詳細資料
主要作者: Phạm, Sỹ Lăng
格式: 圖書
語言:Undetermined
出版: Hà Nội Nông nghiệp 2003
主題:
標簽: 添加標簽
沒有標簽, 成為第一個標記此記錄!
Thư viện lưu trữ: Trung tâm Học liệu Trường Đại học Cần Thơ
LEADER 00603nam a2200193Ia 4500
001 CTU_60489
008 210402s9999 xx 000 0 und d
020 |c 11500 
082 |a 636.4089 
082 |b L116/T.1 
100 |a Phạm, Sỹ Lăng 
245 0 |a Bệnh phổ biến ở lợn và biện pháp phòng trị 
245 0 |c Phạm Sỹ Lăng, Phan Địch Lân, Trương Văn Dung 
260 |a Hà Nội 
260 |b Nông nghiệp 
260 |c 2003 
650 |a Swine diseases 
904 |i Minh,Hải 
980 |a Trung tâm Học liệu Trường Đại học Cần Thơ